Name the Flags - World Countries + Territories - Statistics

General Stats
  • This quiz has been taken 85 times
    59 since last reset
  • The average score is 150 of 251
Answer Stats
Picture Answer % Correct
Greece
100%
Argentina
92%
Scotland
92%
Finland
89%
Somalia
89%
Honduras
86%
Israel
86%
Botswana
84%
Guatemala
84%
Estonia
81%
F.S. Micronesia
81%
Nicaragua
81%
Bosnia & Herzegovina
76%
El Salvador
76%
Kosovo
76%
Ukraine
76%
San Marino
73%
Sweden
73%
Uruguay
73%
Belgium
68%
Brazil
68%
China
68%
Cyprus
68%
Germany
68%
India
68%
Ireland
68%
Italy
68%
Jamaica
68%
Kazakhstan
68%
Lebanon
68%
Marshall Islands
68%
Mexico
68%
Nauru
68%
Nigeria
68%
Portugal
68%
Russia
68%
South Africa
68%
South Korea
68%
Spain
68%
Vatican City
68%
Albania
65%
Australia
65%
Bahamas
65%
Bangladesh
65%
Barbados
65%
Bhutan
65%
Bulgaria
65%
Canada
65%
Croatia
65%
Ecuador
65%
France
65%
Georgia
65%
Iran
65%
Ivory Coast
65%
Japan
65%
Lithuania
65%
Malaysia
65%
Morocco
65%
Nepal
65%
Netherlands
65%
North Macedonia
65%
Norway
65%
Poland
65%
Saudi Arabia
65%
Serbia
65%
Slovakia
65%
Slovenia
65%
Switzerland
65%
Thailand
65%
Turkey
65%
United Kingdom
65%
United States
65%
Venezuela
65%
Algeria
62%
Armenia
62%
Azerbaijan
62%
Belarus
62%
Cambodia
62%
Chile
62%
Colombia
62%
Cuba
62%
Czech Republic
62%
Denmark
62%
Dominican Republic
62%
Egypt
62%
England
62%
Ghana
62%
Hungary
62%
Iceland
62%
Indonesia
62%
Jordan
62%
Kenya
62%
Kuwait
62%
Kyrgyzstan
62%
Latvia
62%
Moldova
62%
Mongolia
62%
Montenegro
62%
New Zealand
62%
North Korea
62%
Pakistan
62%
Palestine
62%
Papua New Guinea
62%
Paraguay
62%
Philippines
62%
Puerto Rico
62%
Qatar
62%
Romania
62%
Seychelles
62%
Sri Lanka
62%
Vietnam
62%
Wales
62%
Andorra
59%
Angola
59%
Austria
59%
Bolivia
59%
Brunei
59%
Costa Rica
59%
East Timor
59%
Eswatini
59%
Ethiopia
59%
Falkland Islands
59%
Haiti
59%
Jersey
59%
Laos
59%
Liberia
59%
Liechtenstein
59%
Malawi
59%
Monaco
59%
Mozambique
59%
Niger
59%
Palau
59%
Panama
59%
Senegal
59%
Singapore
59%
St. Lucia
59%
Sudan
59%
Syria
59%
Taiwan
59%
Tunisia
59%
Turkmenistan
59%
Uganda
59%
United Arab Emirates
59%
Uzbekistan
59%
Zambia
59%
Zimbabwe
59%
Bahrain
57%
Belize
57%
Benin
57%
Burundi
57%
Central African Republic
57%
Chad
57%
Comoros
57%
D.R. Congo
57%
Eritrea
57%
Faroe Islands
57%
Gibraltar
57%
Greenland
57%
Guam
57%
Guernsey
57%
Guinea
57%
Guyana
57%
Hong Kong
57%
Iraq
57%
Isle of Man
57%
Kiribati
57%
Lesotho
57%
Libya
57%
Luxembourg
57%
Madagascar
57%
Maldives
57%
Mali
57%
Malta
57%
Mauritania
57%
Mauritius
57%
Myanmar
57%
Namibia
57%
Northern Mariana Islands
57%
Oman
57%
Peru
57%
São Tomé & Príncipe
57%
Sierra Leone
57%
South Sudan
57%
Suriname
57%
Tajikistan
57%
U.S. Virgin Islands
57%
Afghanistan
54%
Antigua & Barbuda
54%
Bonaire
54%
Burkina Faso
54%
Cape Verde
54%
Cocos (Keeling) Islands
54%
Curaçao
54%
Djibouti
54%
Dominica
54%
Fiji
54%
Gabon
54%
Gambia
54%
Guinea-Bissau
54%
Macau
54%
Rep. of the Congo
54%
Rwanda
54%
Samoa
54%
Solomon Islands
54%
St. Kitts & Nevis
54%
St. Vincent & the Grenadines
54%
Tanzania
54%
Togo
54%
Tokelau
54%
Yemen
54%
Aruba
51%
British Virgin Islands
51%
Cameroon
51%
Christmas Island
51%
Grenada
51%
Norfolk Island
51%
Réunion
51%
Somaliland
51%
Tonga
51%
Trinidad & Tobago
51%
Turks & Caicos Islands
51%
Vanuatu
51%
American Samoa
49%
Bermuda
49%
Cook Islands
49%
Equatorial Guinea
49%
Guadeloupe
49%
New Caledonia
49%
Niue
49%
Saint Helena, Ascension, & Tristan da Cunha
49%
Tuvalu
49%
Western Sahara
49%
Cayman Islands
46%
French Polynesia
46%
Northern Cyprus
46%
Northern Ireland
46%
Abkhazia
43%
Anguilla
43%
French Guiana
43%
Mayotte
43%
Pitcairn Islands
43%
South Ossetia
43%
Transnistria
43%
Martinique
41%
Montserrat
41%
Saint Barthélemy
41%
St. Martin
41%
Wallis & Futuna
41%
Saint Pierre and Miquelon
38%
Saba
35%
St. Eustatius
32%
No matching quizzes found
Score Distribution
Percent of People with Each Score
Percentile by Number Answered
Your Score History
You have not taken this quiz since the last reset